Divided State Name Puzzle - Statistics

General Stats
  • This quiz has been taken 2,310 times
  • The average score is 14 of 15
Answer Stats
State Name % Correct
AL ABA MA Alabama
99%
CON NECT ICUT Connecticut
99%
PENN SYLV ANIA Pennsylvania
99%
NEW JER SEY New Jersey
98%
OKL AHO MA Oklahoma
98%
WIS CON SIN Wisconsin
98%
GE OR GIA Georgia
97%
ARI ZO NA Arizona
96%
AR KAN SAS Arkansas
96%
MO NTA NA Montana
96%
IN DIA NA Indiana
95%
MAR YLA ND Maryland
95%
OR EG ON Oregon
95%
MI CHI GAN Michigan
94%
NE VA DA Nevada
92%
No matching quizzes found
Score Distribution
Percent of People with Each Score
Percentile by Number Answered
Your Score History
You have not taken this quiz